| 000 | 00460nam a2200169Ia 4500 | ||
|---|---|---|---|
| 999 |
_c1146 _d1146 |
||
| 003 | OSt | ||
| 005 | 20200923125623.0 | ||
| 008 | 190216s9999||||xx |||||||||||||| ||und|| | ||
| 040 | _coclc | ||
| 082 |
_a582.13 _bPOR/T |
||
| 100 |
_aPorter, C L _94872 |
||
| 245 | 0 |
_aTaxonomy Of Flowering Plants / _cC L Porter |
|
| 260 |
_bEurasia Pub-Ltd, _c1969. |
||
| 300 | _a416p | ||
| 650 | _aBotany | ||
| 942 |
_cBK _2ddc _h582.13 _iPOR/T _k582.13 _mPOR/T |
||